Human Resources and Population in Mexico at the Dawn of the Twenty-First Century : A Regional Perspective /

Contenido: El perfil sociodemográfico de México; La educación y las dinámicas demográficas; Análisis demográfico multiregional en México; Escenarios regionales de población para México en el siglo XXI; Una aplicación demográfica regional para la planeación educativa; Educación y recursos humanos en...

Ausführliche Beschreibung

Gespeichert in:
Bibliographische Detailangaben
1. Verfasser: Medina González, Sergio (autor)
Format: Buch
Sprache:Englisch
Veröffentlicht: Amsterdam, Holanda : Thela Thesis, 2000, c2000
Schlagworte:
Tags: Tag hinzufügen
Keine Tags, Fügen Sie das erste Tag hinzu!

MARC

LEADER 00000nam^a2200000^a^4500
001 000118353
005 20250521000000.0
009 20260310094237.076
020 |a 90-5538-049-0 
037 |a Acervo ITESO - Biblioteca 
041 |a ING 
082 |a 317. 2  |b MED 
100 |a Medina González, Sergio  |e (autor) 
240 1 1 |a [Recursos humanos y población en México en el umbral del siglo veintiuno: una perspectiva regional] 
245 1 0 |a Human Resources and Population in Mexico at the Dawn of the Twenty-First Century :  |b A Regional Perspective /  |c S. Medina González. 
264 4 |a Amsterdam, Holanda :  |b Thela Thesis,  |c 2000, c2000 
300 |a 283 p. 
336 |a texto  |b txt  |2 rdacontenido 
337 |a sin mediación  |b n  |2 rdamedio 
338 |a volumen  |b nc  |2 rdasoporte 
520 |a Contenido: El perfil sociodemográfico de México; La educación y las dinámicas demográficas; Análisis demográfico multiregional en México; Escenarios regionales de población para México en el siglo XXI; Una aplicación demográfica regional para la planeación educativa; Educación y recursos humanos en México; Conclusiones. 
649 |a XX 
650 |a Educación -  |z México -  |x Historia -  |y 1946-2000 
650 |a Educación -  |z México -  |x Historia -  |y Siglo XX 
650 |a Movilidad Estudiantil -  |z México 
650 |a Educación y Sociedad -  |z México 
650 |a Política Educativa -  |z México 
650 |a Educación y Política -  |z México 
650 |a Sociología de la Educación 
650 |a Población -  |z México -  |x Historia -  |y 1946-2000 
650 |a Población -  |z México -  |x Historia -  |y Siglo XX -  |x Tema Principal 
650 |a Política Demográfica -  |z México 
650 |a Demografía -  |z México 
650 |a Política Social -  |z México 
650 |a Predicción Social -  |z México 
650 |a Prospectiva -  |z México 
650 |a México -  |x Condiciones Sociales y Culturales 
650 |a México -  |x Estadísticas 
910 |a Fondo General 
920 |a Impresos - Libros 
930 |a Colección General 
905 |a 101 
901 |a 0500053379  |b IT1  |c ACC  |u 20250521 
902 |a https://opac.biblio.iteso.mx/vufind/Record/000118353